|
|
|
|
| LEADER |
00000nam0a2200000 4500 |
| 001 |
682073 |
| 005 |
20260425125142.0 |
| 090 |
|
|
|a 682073
|
| 100 |
|
|
|a 20251002d1878 km|y0rusy50 ba
|
| 101 |
0 |
|
|a ger
|
| 102 |
|
|
|a DE
|
| 105 |
|
|
|a y z 000yy
|
| 181 |
|
0 |
|a i
|b e
|
| 182 |
|
0 |
|a n
|
| 183 |
|
0 |
|a nc
|2 RDAcarrier
|
| 200 |
1 |
|
|a Die Oefen für metallurgische Processe
|e für Hüttenleute Metallwaarenfabrikanten, Werkführer und Studirende der Metallurgie
|f bearbeitet A. Ledebur
|d [Печи для металлургических процессов]
|z rus
|
| 203 |
|
|
|a Текст
|b визуальный
|c непосредственный
|
| 210 |
|
|
|a Freiberg
|c Verlag von Craz&Gerlach
|d 1878
|
| 215 |
|
|
|a 104 S.
|
| 283 |
|
|
|a volume
|2 RDAcarrier
|
| 300 |
|
|
|a В описании используется грамматика 19 века
|
| 316 |
|
|
|5 63413507: 10723
|a На титульном листе владельческий штамп "Библиотека Сибирского Технологического Института"
|
| 317 |
|
|
|5 63413507: 10723
|a Поступил в НТБ в 1910 г. в составе книжного собрания профессора ТТИ А. Э. Сабека
|
| 517 |
|
|
|a Die Oefen für metallurgische Processe
|z ger
|
| 606 |
|
|
|a Металлургические печи
|9 86207
|
| 610 |
1 |
|
|a металлургия
|
| 610 |
1 |
|
|a конструкция
|
| 610 |
1 |
|
|a применение
|
| 610 |
1 |
|
|a металлы
|
| 610 |
1 |
|
|a сплавы
|
| 610 |
1 |
|
|a горение
|
| 610 |
1 |
|
|a теплопередача
|
| 610 |
1 |
|
|a теплопотери
|
| 610 |
1 |
|
|a печная тяга
|
| 610 |
1 |
|
|a эффективность
|
| 610 |
1 |
|
|a немецкий язык
|
| 610 |
1 |
|
|a Коллекция А. Э. Сабека
|
| 675 |
|
|
|a 669.041
|v 4
|
| 702 |
|
1 |
|4 340
|a Ledebur
|b A.
|
| 801 |
|
0 |
|a RU
|b 63413507
|c 20251002
|
| 830 |
|
|
|a Ретро2025Каталогизация Кузнецова (РФ)
|
| 850 |
|
|
|a 63413507
|
| 942 |
|
|
|c BK
|